MARC

LEADER 00000nam0a2200000 4500
001 261674
005 20231101233602.0
010 |a 5283043843 
035 |a (RuTPU)RU\TPU\book\284655 
090 |a 261674 
100 |a 20140526d1988 k y0rusy50 ca 
101 0 |a rus 
102 |a RU 
105 |a a z 001zy 
200 1 |a Измерения малых оптических потерь  |f М. А. Бухштаб 
210 |a Ленинград  |c Энергоатомиздат  |d 1988 
215 |a 160 с.  |c ил. 
320 |a Библиогр.: с. 148-155. 
606 1 |a Фотометрия  |x Метрологическое обеспечение  |2 stltpush  |3 (RuTPU)RU\TPU\subj\64245  |9 81155 
610 1 |a оптика 
610 1 |a оптические потери 
610 1 |a измерения 
610 1 |a кристаллы 
610 1 |a стекла 
610 1 |a фотометрические методы 
610 1 |a оптико-акустические методы 
675 |a 535.2  |v 3 
700 1 |a Бухштаб  |b М. А.  |g Михаил Александрович 
801 1 |a RU  |b 63413507  |c 20140526 
801 2 |a RU  |b 63413507  |c 20150326  |g RCR 
942 |c BK